Evropská investiční banka - EIB: smysl a poslání.
Základná iformácia o EIB. EIB je nezávislá banka v rámci ES, založená v r. 1958 pre účely financovania kapitálových investičných projektov s cieľom zaistiť rovnomerný rozvoj ES. Sídlo má v Luxemburgu. Rámec pre činnosť EIB v ČSFR, Maďarsku a Poľsku. Kritéria globálnych pôžičiek pre financovanie malý...
Saved in:
| Main Author: | |
|---|---|
| Format: | Book Chapter |
| Language: | Czech |
| Subjects: | |
| Tags: |
No Tags, Be the first to tag this record!
|
MARC
| LEADER | 00000naa a2200000 4500 | ||
|---|---|---|---|
| 001 | r009154 | ||
| 005 | 20220831090854.7 | ||
| 041 | 0 | |a cze | |
| 044 | |a [CS] | ||
| 245 | 1 | 0 | |a Evropská investiční banka - EIB: smysl a poslání. |c P. Zahradník |
| 520 | |a Základná iformácia o EIB. EIB je nezávislá banka v rámci ES, založená v r. 1958 pre účely financovania kapitálových investičných projektov s cieľom zaistiť rovnomerný rozvoj ES. Sídlo má v Luxemburgu. Rámec pre činnosť EIB v ČSFR, Maďarsku a Poľsku. Kritéria globálnych pôžičiek pre financovanie malých projektov a všeobecné podmienky financovania projektov. | ||
| 610 | 2 | 0 | |a Európska investičná banka |
| 610 | 2 | 0 | |a banky medzinárodné |
| 610 | 2 | 0 | |a financovanie projektové |
| 610 | 2 | 0 | |a Európske spoločenstvá |
| 610 | 2 | 0 | |a Luxemburg |
| 610 | 2 | 0 | |a ČSFR |
| 610 | 2 | 0 | |a financovanie |
| 610 | 2 | 0 | |a pôžičky |
| 610 | 2 | 0 | |a projekty |
| 610 | 2 | 0 | |a MR |
| 610 | 2 | 0 | |a PR |
| 100 | 1 | |a Zahradník, Petr | |